zpět

Detail výsledku týmu

Pub Na Plech ČT - Žižkov, Praha

Datum a čas kvízu

29.5 Celkem bodů Celkový počet nahraných bodů na tomto kvízu bez doplňovacích otázek.
6. Pořadí na kvízu Konečné umístění týmu na tomto kvízu.

Zaznamenané odpovědi

# Otázka Odpověď Body Výsledky
1. Který hudebník narozený v roce... Vladimír Mišík 0
2. Jeden bývalý evropský premiér... Boris Johnson 0
3. Ve čtvrtek měl v Hudebním diva... Anděl Páně 1
4. Která dvě křestní jména (jedno... Eliška, Jakub 0.5
5. Fotbalisté Barcelony nastoupil... Rolling Stones. 0
6. Naše téma nezačneme v kurníku,... Fabergého vejce 1
7. Barvíte velikonoční vajíčka? T... 1B 2D 3C 4A 0
8. Která z vajec na obrázku snesl... B 0
9. Napište název americké romanti... 50x a stále poprvé 0
10. Vyberte nepravdivé tvrzení. D 0